Pracovné listy k Čítanke pre 5. ročník špeciálnych základných škôl

Bibliographic Details
Main Author: Maňková, Veronika (Author)
Other Authors: Pauličková, Danica, 1953- (Illustrator)
Format: Book
Language:Slovak
PhysicalDescription:90 l. ilustr. (prevažné fareb.) 30 cm
Published: Bratislava Slovenské pedagogické nakladateľstvo - Mladé letá 2013
ISBN:9788010024957
Edition:7. vyd.
Subjects:

MARC

LEADER 00000nam a2200000 a 4500
001 vtls010521545
003 SK-MaSNL
005 20260301214642.0
008 240318s2013 xo a b 000 0 slo
015 |a SNBA2013/07 
020 |a 9788010024957  |q (brož.) 
035 |a 6E4C1CD2-5CED-4771-B3F9-E5167212562E 
035 |a urn:nbn:sk:snk-aml7ly 
035 |a urn:nbn:sk:snk-am008tge 
040 |a SNK  |b slo  |c SNK  |e AACR2 
041 0 |a slo 
044 |a xo  |c SK 
072 7 |a 82  |x Literatúra. Literárny život  |2 konspekt 
080 |a 37.016:82  |2 2001 
080 |a 376  |2 2001 
080 |a (075)028  |2 2001 
080 |a (075.2)  |2 2001 
080 |a (076.1)  |2 2001 
100 1 |a Maňková, Veronika  |4 aut  |9 21466 
245 1 0 |a Pracovné listy k Čítanke pre 5. ročník špeciálnych základných škôl  |c [Veronika Maňková ; ilustrácie Danica Paulíčková] 
250 |a 7. vyd. 
260 |a Bratislava  |b Slovenské pedagogické nakladateľstvo - Mladé letá  |c 2013 
300 |a 90 l.  |b ilustr. (prevažné fareb.)  |c 30 cm 
500 |a Názov z obalu. Pracovné listy v prebale 
650 0 7 |a literárna výchova  |2 SNKPH  |9 1653 
650 0 7 |a Literary education  |2 SNKPHeng  |9 274096 
655 7 |a učebnice špeciálnych základných škôl  |2 SNKPH  |9 70204 
655 7 |a pracovné listy  |2 SNKPH  |9 70565 
655 7 |a Textbooks (special elementary)  |2 SNKPHeng  |9 306832 
655 7 |a Activity pages  |2 SNKPHeng  |9 303110 
655 7 |a čítanky  |2 SNKPH  |9 60817 
655 7 |a Readers  |2 SNKPHeng  |9 300493 
700 1 |a Pauličková, Danica,  |d 1953-  |4 ill  |9 8199 
852 |a Štátna vedecká knižnica v Banskej Bystrici 
919 |a 978-80-10-02495-7 
999 |c 925488  |d 927418 
952 |a SNK  |b SNK  |y PREZ  |7 0  |p 17A1074161  |o snkSB 85262  |i snk2013/16021  |8 0  |0 0  |1 0  |4 0  |d 2013-07-11  |f 1  |l 0  |r 2025-05-07 00:00:00  |w 2026-02-24 
952 |a SNK  |b SNK  |y PREZ  |7 0  |p 17A1074162  |o snkSB 85262 D1  |i snk2013/16022  |8 0  |0 0  |1 0  |4 0  |d 2013-07-11  |l 0  |r 2016-06-30 00:00:00  |w 2026-02-24